00389 a2200157 4500003000400000005001700004008004100021020001800062040000900080082002000089100001900109245004400128250001200172260003300184300001400217OSt20260305134712.0260305b |||||||| |||| 00| 0 eng d a9789370984707 coclc a894.8124bGAF/A aGafoor, P.M.A. aAVAR THOTTU NEE THALODI /cP M A Gafoor a1st Ed. aKOTTAYAM:bD C Books.c2026, a229 pages